| 000 | 01573cam a22003131i 4500 | ||
|---|---|---|---|
| 003 | SA-RiAUC | ||
| 005 | 20241026102954.0 | ||
| 008 | 241024s1995 su g 000 0 ara c | ||
| 020 | _a9960275515 | ||
| 040 |
_aKW-ShULA _bara _cSA-RiAUC _erda |
||
| 050 | 4 | _bS52. 1995 | |
| 082 | 0 | 4 | _a251 |
| 090 |
_a251 _bش ن ق |
||
| 100 | 1 |
_aالشنقيطي، محمد الأمين بن محمد المختار بن عبد القادر، _d1907-1973 _eمؤلف. |
|
| 245 | 1 | 0 |
_aنثر الورود على مراقي السعود / _cمحمد الأمين بن محمد المختار الشنقيطي ؛ تحقيق وإكمال محمد ولدي سيدي ولد حبيب الشنقيطى. |
| 250 | _aالطبعة الأولى. | ||
| 264 | 1 |
_aجدة، السعودية : _bدار المنارة للنشر والتوزيع، _c1995 |
|
| 300 |
_a2 مجلد ؛ _c24 سم |
||
| 336 |
_aنص _btxt _2rdacontent _3كتاب |
||
| 337 |
_aبدون وسيط _bn _2rdamedia |
||
| 338 |
_aمجلد _bnc _2rdacarrier |
||
| 520 | 0 | _aعبارة عن شرح مراقي السعود لمبتغي الرقي والصعود لعبد الله الشنقيطي. | |
| 650 | 7 |
_aأصول الفقه الإسلامي _2aucsh |
|
| 700 | 1 |
_aالشنقيطي، محمد بن عبد الله بن أحمد، _d1295-1363 هجري _eمحقق. |
|
| 700 | 1 | 2 |
_aالشنقيطي، عبد الله بن إبراهيم العلوي، _d1150-1235 هجري |
| 740 | 0 | 2 | _aمراقي السعود لمبتغي الرقي والصعود. |
| 942 |
_2ddc _cBOOK _n0 |
||
| 949 |
_aSA-JeALM _d241024 _umohamedma123 _n1 |
||
| 999 |
_c1714 _d1714 |
||